| 000 | 01091cam a22002531i 4500 | ||
|---|---|---|---|
| 003 | SA-RiAUC | ||
| 005 | 20260210142814.0 | ||
| 008 | 260209s2013____su g 000 0 ara c | ||
| 040 |
_aSA-JeALM _bara _cSA-RiAUC _erda |
||
| 043 | _aa-su--- | ||
| 082 | 0 | 4 |
_a189.1909531 _qSA-RiAUC |
| 090 |
_a189.1909531 _bا ل غ |
||
| 100 | 1 |
_aآل غظيف، عبد الوهاب بن عبد الله _eمؤلف. |
|
| 245 | 1 | 2 |
_aالتنوير الإسلامي في المشهد السعودي : _bأصوله الفكرية وموقفه من القضايا الشرعية / _cعبد الوهاب بن عبد الله آل غظيف. |
| 250 | _aالطبعة الأولى. | ||
| 264 | 1 |
_aجدة، السعودية : _bمركز التأصيل للدراسات والبحوث، _c2013 |
|
| 300 |
_a142 صفحة ؛ _c24 سم. |
||
| 336 |
_aنص _btxt _2rdacontent _3كتاب |
||
| 337 |
_aبدون وسيط _bn _2rdamedia |
||
| 490 | 0 |
_aأوراق فكرية ؛ _v8 |
|
| 650 | 7 |
_aالفلسفة الإسلامية _zالسعودية _2aucsh |
|
| 942 |
_2ddc _cBOOK _n0 |
||
| 949 |
_aSA-JeALM _d260209 _uosman123 _n1 |
||
| 999 |
_c14294 _d14294 |
||